000 00316nam a2200133Ia 4500
005 20251222153554.0
008 251222s9999||||xx |||||||||||||| ||spa||
082 _a150/M22A
100 _aMandino, Og
245 0 _aEl Vendedor Más Grande del Mundo
250 _a1ra.ed.
264 _bEditorial Diana
942 _cLIB
999 _c30961
_d30961